Nová ekonomická teória

Súčasný stav ekonomického poznania a história. Metodológia prírodných vied ako kľúč k exaktnosti vedeckého poznania a rastu blahobytu spoločnosti. Stručný popis aplikácie metodológie prírodných vied na popis ekonomických javov. Stručný popis ekonomických javov ako aktivít živých organizmov a porovna...

Ausführliche Beschreibung

Gespeichert in:
Bibliographische Detailangaben
1. Verfasser: Zapletal, Jaroslav
Format: Buchkapitel
Sprache:Slowakisch
Schlagworte:
Tags: Tag hinzufügen
Keine Tags, Fügen Sie das erste Tag hinzu!

MARC

LEADER 00000naa a2200000 4500
001 r037083
005 20230808083701.6
041 0 |a slo 
044 |a SK 
245 1 0 |a Nová ekonomická teória  |c Jaroslav Zapletal 
520 |a Súčasný stav ekonomického poznania a história. Metodológia prírodných vied ako kľúč k exaktnosti vedeckého poznania a rastu blahobytu spoločnosti. Stručný popis aplikácie metodológie prírodných vied na popis ekonomických javov. Stručný popis ekonomických javov ako aktivít živých organizmov a porovnanie s doterajšími teóriami. Využitie exaktných poznatkov o ekonomických javoch. 
610 2 0 |a veda ekonomická 
610 2 0 |a teórie ekonomické 
610 2 0 |a javy ekonomické 
610 2 0 |a vedy prírodné 
610 2 0 |a metodológia vied 
100 1 |a Zapletal, Jaroslav